|
|
|
|
| LEADER |
00000nam a2200000 a 4500 |
| 001 |
vtls001443271 |
| 003 |
SK-MaSNL |
| 005 |
20260302035750.0 |
| 008 |
240315s1782 xx 0 und |
| 035 |
|
|
|a SNK000398495
|
| 040 |
|
|
|a SNK
|b slo
|c SNK
|e AACR2
|
| 041 |
0 |
|
|a und
|
| 044 |
|
|
|a xx
|
| 100 |
1 |
|
|a Pelcl, František Martin
|4 aut
|9 528206
|
| 245 |
1 |
|
|a Geschichte der Böhmen, von den Altesten bis auf die neuesten Zeiten
|n Erster Theil
|
| 260 |
|
|
|a Prag und Wien
|b Johann Ferdinand Edlen von Schönfeld
|c 1782
|
| 300 |
|
|
|a 526 s.
|
| 958 |
|
|
|a ONDV
|
| 999 |
|
|
|c 1072012
|d 1073942
|
| 952 |
|
|
|t P60, <04>, [BOOK], {604}
|a SNK
|b SNK
|y VYP
|7 0
|p 17A0322966
|o snkIC 14025/1
|0 0
|1 0
|4 0
|d 2002-10-31
|l 0
|r 2005-01-02 00:00:00
|w 2026-02-24
|